Design of concrete structures (Record no. 3628)

000 -LEADER
fixed length control field 00663nam a2200229 a 4500
001 - CONTROL NUMBER
control field 3628
003 - CONTROL NUMBER IDENTIFIER
control field BD-DhUET
008 - FIXED-LENGTH DATA ELEMENTS--GENERAL INFORMATION
fixed length control field 850621s1985 enka b 101 0 eng
020 ## - INTERNATIONAL STANDARD BOOK NUMBER
International Standard Book Number 007Y665486
040 ## - CATALOGING SOURCE
Original cataloging agency DLC
Transcribing agency DLC
Modifying agency BD-DhUET
082 00 - DEWEY DECIMAL CLASSIFICATION NUMBER
Classification number 624.183
Item number NIL/1986
100 ## - MAIN ENTRY--PERSONAL NAME
Personal name Nilson, Arthur H.
245 00 - TITLE STATEMENT
Title Design of concrete structures
Statement of responsibility, etc. by Arthur H. Nilson and George Winter
250 ## - EDITION STATEMENT
Edition statement 10th ed.
260 ## - PUBLICATION, DISTRIBUTION, ETC. (IMPRINT)
Place of publication, distribution, etc. New York:
Name of publisher, distributor, etc. McGraw Hill Book Company,
Date of publication, distribution, etc. 1986.
300 ## - PHYSICAL DESCRIPTION
Extent xi, 380 p. :
Other physical details ill. ;
Dimensions 23 cm.
490 ## - SERIES STATEMENT
Series statement Civil engineering series
504 ## - BIBLIOGRAPHY, ETC. NOTE
Bibliography, etc Includes bibliographies
650 #0 - SUBJECT ADDED ENTRY--TOPICAL TERM
Topical term or geographic name as entry element Reinforced concrete
700 ## - ADDED ENTRY--PERSONAL NAME
Personal name Winter, George
942 ## - ADDED ENTRY ELEMENTS (KOHA)
Koha item type General Book
Holdings
Copy number Not for loan Koha date last seen Shelving location Koha renewals Date acquired Koha full call number Source of classification or shelving scheme Sublocation or collection (holding branch) Piece designation (barcode) Koha item type Koha issues (times borrowed) Damaged status Lost status Koha date last borrowed Koha out on loan Koha normalized classification for sorting Withdrawn status Price effective from Location (home branch)
1 2026-02-23Circulation section12014-11-02624.183/NIL/1986 Central Library, BUET77873General Book6  2026-02-232027-02-23624_000000000000000_183NIL1986 2014-11-02Central Library, BUET
১০/ক-১ 2024-12-04Rental section 1990-10-23624.183 NIL/1986 Central Library, BUET77816Rental Item     624_183000000000000_NIL_1986 2024-12-04Central Library, BUET
১০/ক-২ 2024-12-04Rental section 1990-10-23624.183 NIL/1986 Central Library, BUET77817Rental Item     624_183000000000000_NIL_1986 2024-12-04Central Library, BUET
১০/ক-৩ 2024-12-04Rental section 1990-10-23624.183 NIL/1986 Central Library, BUET77818Rental Item     624_183000000000000_NIL_1986 2024-12-04Central Library, BUET
১০/ক-৪ 2024-12-04Rental section 1990-10-23624.183 NIL/1986 Central Library, BUET77819Rental Item     624_183000000000000_NIL_1986 2024-12-04Central Library, BUET
১০/ক-৫ 2024-12-04Rental section 1990-10-23624.183 NIL/1986 Central Library, BUET77820Rental Item     624_183000000000000_NIL_1986 2024-12-04Central Library, BUET
১০/ক-৬ 2024-12-04Rental section 1990-10-23624.183 NIL/1986 Central Library, BUET77821Rental Item     624_183000000000000_NIL_1986 2024-12-04Central Library, BUET
১০/ক-৭ 2024-12-04Rental section 1990-10-23624.183 NIL/1986 Central Library, BUET77822Rental Item     624_183000000000000_NIL_1986 2024-12-04Central Library, BUET
১০/ক-৮ 2024-12-04Rental section 1990-10-23624.183 NIL/1986 Central Library, BUET77823Rental Item     624_183000000000000_NIL_1986 2024-12-04Central Library, BUET
১০/ক-৯ 2024-12-04Rental section 1990-10-23624.183 NIL/1986 Central Library, BUET77824Rental Item     624_183000000000000_NIL_1986 2024-12-04Central Library, BUET
১০/ক-১০ 2024-12-04Rental section 1990-10-23624.183 NIL/1986 Central Library, BUET77825Rental Item     624_183000000000000_NIL_1986 2024-12-04Central Library, BUET
১০/ক-১১ 2024-12-04Rental section 1990-10-23624.183 NIL/1986 Central Library, BUET77826Rental Item     624_183000000000000_NIL_1986 2024-12-04Central Library, BUET
১০/ক-১২ 2024-12-04Rental section 1990-10-23624.183 NIL/1986 Central Library, BUET77827Rental Item     624_183000000000000_NIL_1986 2024-12-04Central Library, BUET
১০/ক-১৩ 2024-12-04Rental section 1990-10-23624.183 NIL/1986 Central Library, BUET77828Rental Item     624_183000000000000_NIL_1986 2024-12-04Central Library, BUET
১০/ক-১৪ 2024-12-04Rental section 1990-10-23624.183 NIL/1986 Central Library, BUET77829Rental Item     624_183000000000000_NIL_1986 2024-12-04Central Library, BUET
১০/ক-১৫ 2024-12-04Rental section 1990-10-23624.183 NIL/1986 Central Library, BUET77830Rental Item     624_183000000000000_NIL_1986 2024-12-04Central Library, BUET
১০/ক-১৬ 2024-12-04Rental section 1990-10-23624.183 NIL/1986 Central Library, BUET77831Rental Item     624_183000000000000_NIL_1986 2024-12-04Central Library, BUET
১০/ক-১৭ 2024-12-04Rental section 1990-10-23624.183 NIL/1986 Central Library, BUET77832Rental Item     624_183000000000000_NIL_1986 2024-12-04Central Library, BUET
১০/ক-১৮ 2024-12-04Rental section 1990-10-23624.183 NIL/1986 Central Library, BUET77833Rental Item     624_183000000000000_NIL_1986 2024-12-04Central Library, BUET
১০/ক-১৯ 2024-12-04Rental section 1990-10-23624.183 NIL/1986 Central Library, BUET77834Rental Item     624_183000000000000_NIL_1986 2024-12-04Central Library, BUET
১০/ক-২০ 2024-12-04Rental section 1990-10-23624.183 NIL/1986 Central Library, BUET77835Rental Item     624_183000000000000_NIL_1986 2024-12-04Central Library, BUET